000 00863nam a22001937a 4500
001 EIF-IV-1999-M4-005
003 OSt
005 20221108183508.0
008 221108b |||||||| |||| 00| 0 eng d
040 _aFundación Jesús Pereda
_cFundación Jesús Pereda
041 _aCastellano
100 _uLondon School of Economics, Departamento de Historia Económica
_aCalvo González, Oscar
_9358
111 _aEncuentro de Investigadores del Franquismo
_c(Valencia.
_d1999.
_n4º)
_996
245 _aEl plan de estabilización y liberación de 1959:
_buna revisión crítica
_c/Oscar Calvo González
650 0 _9359
_aPlan de estabilización de 1959
773 _tActas del IV Encuentro de Investigadores del Franquismo
_g467-473 p.
856 _uhttps://bibliotecaccoocyl.fundacionjesuspereda.es/cgi-bin/koha/opac-retrieve-file.pl?id=eba74693c83dbce17cdfb807e8796257
942 _2ddc
_cCF
_n0
999 _c185
_d185